000 01079nam a2200229Ia 4500
001 11282
003 GE_BSU
008 181216s||||||||xx |||||||||||||| ||und||
040 _cGE_BSU
080 _a54(076.1)
100 _aმაღრითი რ. ჭანკოტაძე ნ. ჯავახიშვილი ო.
245 _aმაგალითების, სავარჯიშოებისა და ამოცანების კრებული ზოგად ქიმიაში
245 _bუმაღლეს სასწავლებელში შემსვლელთათვის
245 _cრედ: გ. ცინცაძე
260 _aთბილისი.
260 _bგანათლება.
260 _c1982
300 _a629გვ.22სმ.
300 _eდანართი გვ. 623
653 _aმაგალითების, სავარჯიშოებისა და ამოცანების კრებული ზოგად ქიმიაში
942 _cBK
999 _c44484
_d44484